MDQL
is popping MORE tags! Check the
thread
!
Quizzes
Events
Quiz Creation
Community
Videos
Private Events
Remove Ads
Sign In
Join for FREE
Feedback
Dark Mode
Quiz Categories
Sports
Geography
Music
Movies
Television
Just For Fun
Miscellaneous
History
Literature
Language
Science
Gaming
Entertainment
Religion
Holiday
For Kids
Quiz Lab
Recent
Popular Today
Quiz Kudos Today
Editor Picks
Curator Picks
Quizzes by...
Day
Popularity
Type
Ratings
Length
Year
Community
Subscriptions
Recent Discussions
Orange Saloon
Badges
Playlists
Quests
Create
Leaderboards
Showdown
Live 5
Trivia Bingo
Activity
Puzzle Library
Sporcle Events
Private Events
Virtual Trivia
Globe League
Become a Host
Pub Owners
SporcleCon
Opinionation
Our Games
Videos
Blog
Mobile Apps
Partnerships
Remove Ads and Go Orange
Feedback
Literature
Harry Potter
A Song of Ice and Fire
The Hunger Games
Literary Character
Shakespeare
Book
Author
Novel
Poem
Young Adult
Children's Books
Play
Lord of the Rings
Literature
Harry Potter
A Song of Ice and Fire
The Hunger Games
Literary Character
Shakespeare
Book
Author
Novel
Poem
Young Adult
Children's Books
Play
Lord of the Rings
Random Quiz
Search Sporcle
×
Quiz Lab
Quiz Lab
Literature
Harry Potter
Type in answers that appear in a list
Type in answers that appear in a list
Classic
Best Score? Go Orange.
Harry Potter: Hermione Quiz Stats
Can you name the Hermione trivia ?
By
potterheads
5m
20 Questions
820 Plays
820 Plays
820 Plays
Comments
Comments
Give Quiz Kudos
Give Quiz Kudos
-
- Ratings
hide this ad
Replay
Link that replays current quiz
Next Quiz
Link to next quiz in quiz playlist
You Got
0%
They Got
Avg Score
74%
Avg Friend Score
Upgrade to see
Score Distribution
Jump to the score distribution portion of the page
Score
0/20
Timer
05:00
0
Plays Today
Questions
Answers
% Correct
Where do we first meet Hermione?
Hogwarts Express
97.7%
Gets petrified on her way back from the _
_
_
_
_
_
_
_
_
_
_
Library
89.3%
She corrects Ron on which spell in Charms class?
Wingardium Leviosa
88%
Recieves this magical artifact
Time Turner
82.2%
She attends this with Viktor Krum.
Yule Ball
81.2%
She tells Harry to start which club?
Dumbledores Army
80%
She goes forward to marry into this family.
Weasley
79.6%
Was nearly sorted into this Hogwarts house.
Ravenclaw
79.4%
She gets tortured by which witch?
Bellatrix Lestrange
76.1%
Attends who's Halloween party?
Sir Nicholas's
73.7%
Questions
Answers
% Correct
Forms SPEW for the protection of which creatures?
House Elves
72.7%
She was asked to join this club.
Slug Club
72.4%
She attemps to kill this creature/
horcrux.
Nagini
71.7%
The only class she was not good at.
Divination
71%
She flew to London on what creature?
Thestral
69.8%
Which they use to save which 2 lives?
Sirius Black and Buckbeak
69.5%
She is used in which task?
Black Lake task
69.3%
She jinxes which boy in the quidditch trails?
Cormac Mclaggen
60.9%
She recieves this from Dumbledore in his will.
The Tales of Beedle the Bard
56.5%
She steals and destroys which horcrux?
Hufflepuffs Cup
46%
Quiz Playlist
Details
Report
Send in Message
Add To Playlist
Classic:
Type in answers that appear in a list
Last Updated: Feb 16, 2017
Quiz Scoreboard
CHALLENGE
Sign Up to Join the Scoreboard
Show All
Scores
Hide
Comments
May contain spoilers
Recently Published
Street Fighter Characters
by Artimus82
Gaming
60s
9x9 Crossword: Cartoon Network
by jackfrog10
Miscellaneous
3m
College Basketball Coaching Resumes
by pancakes188
Sports
9m
More to Explore
Quiz From the Vault
Featured Blog Post
Where Did the Easter Bunny Come From?
hide this ad
You Might Also Like...
Tags
Harry Potter Quiz
Harry Potter Spells
Hogwarts
Wizard
Wizarding Families
Wizard People
Today's Top Quizzes in Literature
Browse Literature
hide this ad
Today's Top Quizzes in Harry Potter
Browse Harry Potter
Top Contributed Quizzes in Literature
1
Sneaky Slytherin Logic Puzzle
2
Get The Picture: Black or White Literature
3
5-to-1: Plays
4
A Court of Thorns and Roses (ACoTaR) Logic Puzzle
5
One Thing in Common: Literature
6
One Thing in Common: Literature II
7
One Thing in Common: Books
8
One Thing in Common: Literature 3
9
One Thing in Common: Books II
10
Literary Siblings Odd One Out III
Explore More
Trending Topics
NBA
Marvel
Crossword
Disney
Anime
Harry Potter
Kpop
NFL
Puzzle
The Office
Country
Pokémon
Song
WWE
Soccer
hide this ad
More By:
potterheads
Quiz
Plays
Rating
Category
Featured
Created
Name all the Harry Potter characters
2,157
1.83
Literature
Mar 28, 2013
Harry Potter Family trees
1,173
3.33
Literature
Sep 15, 2012
Harry Potter Quotes: Fill in the blanks
1,002
3.00
Literature
Oct 1, 2012
Harry Potter: Hermione Quiz
820
3.00
Literature
Oct 14, 2012
Harry Potter Quiz about film 4
642
1.50
Movies
Aug 29, 2012
Go to Creator's Profile
Score Distribution
Quiz Creator Spotlight
potterheads
Follow
Send a Message
Quizzes Created
-
Created Quiz Play Count
-
More By This Creator
Popular Quizzes Today
1
Find the US States - No Outlines Minefield
2
Find the Countries of Europe - No Outlines Minefield
3
The Countries of the World
4
Find the US States
5
Risky Map Clicking: Biggest States A-Z
6
US States
7
Popular People in 1961
8
Movies - When Are They Set?
More Literature Quizzes
Missing Word in Movies: Author
Editor's Pick
Trending Quizzes
Risky Map Clicking: Least Populous States A-Z
Countries of the World: 200 Million BC
Billboard Blitz: Aretha Franklin
1-10 Letter G Words
Famous Russians: Author or Composer?
Recently Updated
Leaping Animals
pecheneg
Reality TV Shows (A-Z)
bhenderson79
Rickey Henderson's Hall of Fame Teammates
pecheneg
Champions League XIs: Arsenal
pecheneg
Quick Pick: Celebrities in WWE's Hall of Fame
aduchscher
A-Z Keypad Blitz II
pecheneg
Multiple Oscar Actors
pecheneg
Mystery Phrase Blitz: Oscar 'Best Actors'
pecheneg
F. Scott Fitzgerald Novels
LTH
Pick 3 Villains
ddd62291
Trending Topics
Anime
Marvel
Harry Potter
Crossword
Disney
NBA
Kpop
NFL
Pokémon
Soccer
Song
The Office
WWE
Puzzle
Country
Your Account Isn't Verified!
In order to create a playlist on Sporcle, you need to verify the email address you used during registration. Go to your
Sporcle Settings
to finish the process.
Report this User
Report this user for behavior that violates our
Community Guidelines
.
Details:
Send Report
Go to the Sporcle.com Mobile Site →
Comments